[Event "World Chess Olympiad 2018"]
[Site "Batumi"]
[Date "2018.10.04"]
[Round "10"]
[Board "1"]
[WhiteFideId "6001238"]
[White "Lam Daniel King Wai"]
[BlackFideId "11503017"]
[Black "Miqdad Fadi"]
[Result "1-0"]
[LiveChessVersion "1.4.8"]
[BlackElo "1964"]
[WhiteElo "2145"]

1. e4 {[%clk 1:30:59]} Nf6 {[%clk 1:29:38]} 2. e5 {[%clk 1:31:27]} Nd5
{[%clk 1:29:59]} 3. d4 {[%clk 1:31:57]} d6 {[%clk 1:30:20]} 4. c4
{[%clk 1:32:18]} Nb6 {[%clk 1:30:43]} 5. f4 {[%clk 1:32:46]} dxe5
{[%clk 1:30:40]} 6. fxe5 {[%clk 1:33:13]} Nc6 {[%clk 1:31:01]} 7. Be3
{[%clk 1:33:24]} Bf5 {[%clk 1:30:22]} 8. Nc3 {[%clk 1:31:18]} e6 {[%clk 1:30:24]}
9. Nf3 {[%clk 1:30:48]} Bg4 {[%clk 1:28:23]} 10. Be2 {[%clk 1:29:00]} Be7
{[%clk 1:28:32]} 11. O-O {[%clk 1:28:45]} O-O {[%clk 1:28:43]} 12. Qd2
{[%clk 1:27:24]} Qd7 {[%clk 1:24:26]} 13. Rad1 {[%clk 1:26:16]} Rfd8
{[%clk 1:19:44]} 14. Qe1 {[%clk 1:17:10]} Qe8 {[%clk 1:14:50]} 15. Qg3
{[%clk 1:14:20]} Bh5 {[%clk 1:14:54]} 16. Qf4 {[%clk 0:57:29]} Rd7
{[%clk 1:13:39]} 17. h4 {[%clk 0:46:36]} Bxf3 {[%clk 0:48:00]} 18. Rxf3
{[%clk 0:46:23]} Rad8 {[%clk 0:48:04]} 19. Qg4 {[%clk 0:43:14]} a6
{[%clk 0:38:45]} 20. Rg3 {[%clk 0:39:56]} g6 {[%clk 0:35:48]} 21. b3
{[%clk 0:36:52]} Nxd4 {[%clk 0:29:57]} 22. Rxd4 {[%clk 0:34:24]} Rxd4
{[%clk 0:24:26]} 23. Bxd4 {[%clk 0:34:43]} Qc6 {[%clk 0:24:39]} 24. Be3
{[%clk 0:32:03]} Nd7 {[%clk 0:22:48]} 25. Qf4 {[%clk 0:30:17]} Nc5
{[%clk 0:22:13]} 26. Bf3 {[%clk 0:27:29]} Qd7 {[%clk 0:22:03]} 27. Ne4
{[%clk 0:27:06]} Nxe4 {[%clk 0:21:26]} 28. Qxe4 {[%clk 0:27:12]} Qd3
{[%clk 0:20:07]} 29. Qxd3 {[%clk 0:22:37]} Rxd3 {[%clk 0:20:35]} 30. Bxb7
{[%clk 0:20:44]} a5 {[%clk 0:19:32]} 31. h5 {[%clk 0:18:04]} Bb4 {[%clk 0:17:09]}
32. hxg6 {[%clk 0:17:55]} hxg6 {[%clk 0:17:37]} 33. Rh3 {[%clk 0:11:59]} Bc3
{[%clk 0:17:36]} 34. Bf4 {[%clk 0:11:18]} Rd1+ {[%clk 0:17:49]} 35. Kf2
{[%clk 0:11:09]} Bd4+ {[%clk 0:17:53]} 36. Ke2 {[%clk 0:10:20]} Ra1
{[%clk 0:18:16]} 37. Kd3 {[%clk 0:07:23]} c5 {[%clk 0:18:23]} 38. Be3
{[%clk 0:06:56]} Bxe5 {[%clk 0:18:40]} 39. Bxc5 {[%clk 0:07:08]} Rxa2
{[%clk 0:19:03]} 40. Bd4 {[%clk 0:37:26]} Bg7 {[%clk 0:48:34]} 41. Bxg7
{[%clk 0:37:39]} Kxg7 {[%clk 0:49:03]} 42. c5 {[%clk 0:37:40]} Ra1
{[%clk 0:36:02]} 43. Kc4 {[%clk 0:37:43]} Rc1+ {[%clk 0:30:36]} 44. Rc3
{[%clk 0:37:52]} Rd1 {[%clk 0:25:36]} 45. c6 {[%clk 0:38:12]} a4 {[%clk 0:22:29]}
46. bxa4 {[%clk 0:38:12]} Rd6 {[%clk 0:22:06]} 47. c7 {[%clk 0:38:25]} 1-0

[Event "World Chess Olympiad 2018"]
[Site "Batumi"]
[Date "2018.10.04"]
[Round "10"]
[Board "2"]
[WhiteFideId "11504951"]
[White "Toom Omar"]
[BlackFideId "6001394"]
[Black "Wong Brian"]
[Result "0-1"]
[LiveChessVersion "1.4.8"]
[BlackElo "2024"]
[WhiteElo "1905"]

1. e4 {[%clk 1:30:56]} d5 {[%clk 1:30:55]} 2. exd5 {[%clk 1:31:13]} Nf6
{[%clk 1:31:22]} 3. d4 {[%clk 1:31:20]} Bg4 {[%clk 1:31:47]} 4. Nf3
{[%clk 1:30:53]} c6 {[%clk 1:30:49]} 5. Be2 {[%clk 1:31:02]} cxd5
{[%clk 1:30:03]} 6. O-O {[%clk 1:30:44]} Nc6 {[%clk 1:30:05]} 7. Nc3
{[%clk 1:29:44]} Bxf3 {[%clk 1:27:57]} 8. Bxf3 {[%clk 1:28:10]} e6
{[%clk 1:28:22]} 9. a3 {[%clk 1:28:09]} Bd6 {[%clk 1:26:38]} 10. Ne2
{[%clk 1:22:32]} Qc7 {[%clk 1:24:38]} 11. Ng3 {[%clk 1:22:32]} O-O-O
{[%clk 1:19:03]} 12. Re1 {[%clk 1:21:24]} Rdg8 {[%clk 1:17:30]} 13. Nf1
{[%clk 1:18:59]} g5 {[%clk 1:15:52]} 14. g3 {[%clk 1:18:54]} h5 {[%clk 1:14:03]}
15. b3 {[%clk 1:16:35]} g4 {[%clk 1:07:55]} 16. Bg2 {[%clk 1:16:58]} h4
{[%clk 1:03:12]} 17. c4 {[%clk 1:15:04]} hxg3 {[%clk 1:03:21]} 18. hxg3
{[%clk 1:15:10]} Ne4 {[%clk 1:01:35]} 19. Bxe4 {[%clk 1:13:48]} dxe4
{[%clk 1:00:21]} 20. c5 {[%clk 1:14:11]} f5 {[%clk 0:55:48]} 21. Bf4
{[%clk 1:00:28]} Qh7 {[%clk 0:54:44]} 22. f3 {[%clk 0:59:08]} Bxf4
{[%clk 0:54:38]} 23. gxf4 {[%clk 0:59:10]} g3 {[%clk 0:54:21]} 0-1

[Event "World Chess Olympiad 2018"]
[Site "Batumi"]
[Date "2018.10.04"]
[Round "10"]
[Board "3"]
[WhiteFideId "6002552"]
[White "Ho In Hei Henry"]
[BlackFideId "11501731"]
[Black "Allam Mohamed"]
[Result "1-0"]
[LiveChessVersion "1.4.8"]
[BlackElo "1948"]
[WhiteElo "1797"]

1. d4 {[%clk 1:30:56]} Nf6 {[%clk 1:29:48]} 2. c4 {[%clk 1:31:17]} e6
{[%clk 1:29:39]} 3. Nc3 {[%clk 1:31:39]} d5 {[%clk 1:29:28]} 4. cxd5
{[%clk 1:31:57]} exd5 {[%clk 1:29:43]} 5. Bg5 {[%clk 1:32:18]} c6
{[%clk 1:27:55]} 6. e3 {[%clk 1:30:17]} Bf5 {[%clk 1:26:18]} 7. Bd3
{[%clk 1:30:16]} Bxd3 {[%clk 1:25:24]} 8. Qxd3 {[%clk 1:30:43]} Nbd7
{[%clk 1:24:32]} 9. Nf3 {[%clk 1:30:41]} Bd6 {[%clk 1:24:08]} 10. a3
{[%clk 1:27:36]} O-O {[%clk 1:20:29]} 11. O-O {[%clk 1:27:34]} a5
{[%clk 1:19:52]} 12. Rfe1 {[%clk 1:26:09]} Re8 {[%clk 1:19:09]} 13. Rad1
{[%clk 1:25:56]} Qb6 {[%clk 1:18:11]} 14. Qc2 {[%clk 1:21:35]} Ne4
{[%clk 1:14:06]} 15. Nxe4 {[%clk 1:20:35]} Rxe4 {[%clk 1:14:27]} 16. Nd2
{[%clk 1:19:41]} Re6 {[%clk 1:14:21]} 17. Bh4 {[%clk 1:05:02]} Rae8
{[%clk 1:05:38]} 18. Bg3 {[%clk 1:02:52]} Be7 {[%clk 0:59:39]} 19. Qc3
{[%clk 0:48:52]} f5 {[%clk 0:56:49]} 20. Rb1 {[%clk 0:46:26]} a4 {[%clk 0:45:40]}
21. b4 {[%clk 0:44:46]} axb3 {[%clk 0:45:18]} 22. Nxb3 {[%clk 0:43:11]} Qa6
{[%clk 0:40:16]} 23. Na5 {[%clk 0:33:31]} b5 {[%clk 0:40:09]} 24. Rec1
{[%clk 0:33:29]} Rc8 {[%clk 0:39:52]} 25. Nb3 {[%clk 0:31:41]} Bxa3
{[%clk 0:24:12]} 26. Ra1 {[%clk 0:31:15]} Ra8 {[%clk 0:20:37]} 27. Qd3
{[%clk 0:22:11]} g6 {[%clk 0:20:07]} 28. Nc5 {[%clk 0:13:39]} Nxc5
{[%clk 0:20:24]} 29. Rxc5 {[%clk 0:13:54]} Qa4 {[%clk 0:18:41]} 30. Rc3
{[%clk 0:12:48]} b4 {[%clk 0:18:49]} 31. Rb3 {[%clk 0:13:00]} Ra6
{[%clk 0:15:38]} 32. h4 {[%clk 0:10:56]} Qb5 {[%clk 0:13:53]} 33. Qb1
{[%clk 0:08:55]} Re8 {[%clk 0:03:33]} 34. Bd6 {[%clk 0:08:44]} Ra4
{[%clk 0:02:36]} 35. h5 {[%clk 0:07:49]} Rd8 {[%clk 0:01:30]} 36. Bc5
{[%clk 0:06:19]} Rda8 {[%clk 0:01:25]} 37. Qd1 {[%clk 0:04:45]} Qb8
{[%clk 0:00:46]} 38. Rab1 {[%clk 0:04:19]} Qb7 {[%clk 0:00:37]} 39. Qd2
{[%clk 0:02:47]} R4a5 {[%clk 0:00:35]} 40. Qc2 {[%clk 0:31:00]} Rb5
{[%clk 0:30:35]} 41. g4 {[%clk 0:28:36]} Qd7 {[%clk 0:19:23]} 42. hxg6
{[%clk 0:27:56]} hxg6 {[%clk 0:17:46]} 43. Kg2 {[%clk 0:25:02]} Qe6
{[%clk 0:14:55]} 44. gxf5 {[%clk 0:21:37]} gxf5 {[%clk 0:09:21]} 45. Rg1
{[%clk 0:21:42]} Kf7 {[%clk 0:07:58]} 46. Kf1 {[%clk 0:20:42]} Qe4
{[%clk 0:03:54]} 47. Qd1 {[%clk 0:20:43]} Rh8 {[%clk 0:03:21]} 48. f3
{[%clk 0:16:45]} Qh4 {[%clk 0:03:26]} 49. Ke2 {[%clk 0:09:26]} Rbb8
{[%clk 0:01:46]} 50. Qf1 {[%clk 0:04:48]} Rbg8 {[%clk 0:01:13]} 51. Rxg8
{[%clk 0:02:13]} Rxg8 {[%clk 0:01:38]} 52. Bxb4 {[%clk 0:01:51]} Bxb4
{[%clk 0:00:59]} 53. Rxb4 {[%clk 0:02:17]} Qh2+ {[%clk 0:01:14]} 54. Kd3
{[%clk 0:01:44]} Rg1 {[%clk 0:00:39]} 55. Qe2 {[%clk 0:01:32]} Rg2
{[%clk 0:00:51]} 56. Qd1 {[%clk 0:01:38]} Ke6 {[%clk 0:00:45]} 57. Rb6
{[%clk 0:01:22]} Qd6 {[%clk 0:00:40]} 58. Qa4 {[%clk 0:01:17]} Kd7
{[%clk 0:00:51]} 59. Qa7+ {[%clk 0:01:25]} Ke6 {[%clk 0:00:53]} 60. Qa8
{[%clk 0:01:54]} Kd7 {[%clk 0:00:36]} 61. Rb7+ {[%clk 0:01:45]} Ke6
{[%clk 0:00:57]} 62. Qe8+ {[%clk 0:01:57]} Kf6 {[%clk 0:01:13]} 63. Rf7+
{[%clk 0:02:11]} Kg5 {[%clk 0:01:22]} 64. Qg8+ {[%clk 0:02:24]} Qg6
{[%clk 0:01:37]} 65. Rg7 {[%clk 0:02:41]} Kf6 {[%clk 0:01:46]} 66. Qf8+
{[%clk 0:02:15]} 1-0

[Event "World Chess Olympiad 2018"]
[Site "Batumi"]
[Date "2018.10.04"]
[Round "10"]
[Board "4"]
[WhiteFideId "3400085"]
[White "Michel Yunis Christian D."]
[BlackFideId "6000436"]
[Black "Lai Robin"]
[Result "1-0"]
[LiveChessVersion "1.4.8"]
[BlackElo "1863"]
[WhiteElo "2233"]

1. d4 c5 2. e3 g6 3. c4 Nf6 4. Nc3 Bg7 5. Nf3 O-O 6. a3 cxd4 7. exd4 d5 8. h3 Nc6
9. Be3 Bf5 10. Rc1 Rc8 11. c5 b6 12. Ba6 Rb8 13. Bf4 e5 14. Nxe5 Nxe5 15. Bxe5
bxc5 16. Bxb8 Re8+ 17. Be5 cxd4 18. O-O Rxe5 19. Qxd4 Nh5 20. Qd2 Qh4 21. Ne2
Bxh3 22. gxh3 Rg5+ 23. Kh2 Be5+ 24. f4 Rg3 25. Bc8 f5 26. Qxd5+ Kg7 27. Qxe5+ Kh6
28. Bxf5 gxf5 29. Rc6+ 1-0

[Event "World Chess Olympiad 2018"]
[Site "Batumi"]
[Date "2018.10.04"]
[Round "10"]
[Board "1"]
[WhiteFideId "10000100"]
[White "Ssegwanyi Arthur"]
[BlackFideId "8401411"]
[Black "Miliam Escobar David Isaac"]
[Result "1-0"]
[LiveChessVersion "1.4.8"]
[BlackElo "1787"]
[WhiteElo "2347"]

1. e4 {[%clk 1:30:56]} e6 {[%clk 1:30:46]} 2. d4 {[%clk 1:31:02]} d5
{[%clk 1:31:11]} 3. Nc3 {[%clk 1:31:24]} Nf6 {[%clk 1:31:34]} 4. e5
{[%clk 1:31:33]} Nfd7 {[%clk 1:32:01]} 5. f4 {[%clk 1:31:56]} c5 {[%clk 1:31:54]}
6. Nf3 {[%clk 1:32:19]} Nc6 {[%clk 1:32:04]} 7. Be3 {[%clk 1:32:42]} a6
{[%clk 1:32:21]} 8. Qd2 {[%clk 1:32:59]} cxd4 {[%clk 1:32:30]} 9. Nxd4
{[%clk 1:33:07]} Bc5 {[%clk 1:31:47]} 10. O-O-O {[%clk 1:32:10]} Nxd4
{[%clk 1:31:21]} 11. Bxd4 {[%clk 1:32:32]} Qc7 {[%clk 1:30:12]} 12. h4
{[%clk 1:23:38]} b5 {[%clk 1:27:14]} 13. Kb1 {[%clk 1:18:14]} Nb6
{[%clk 1:26:00]} 14. Ne4 {[%clk 1:16:57]} Be7 {[%clk 1:23:51]} 15. Nd6+
{[%clk 1:10:48]} Bxd6 {[%clk 1:20:05]} 16. exd6 {[%clk 1:11:05]} Qxd6
{[%clk 1:20:33]} 17. Bxg7 {[%clk 1:11:17]} Rg8 {[%clk 1:20:40]} 18. Be5
{[%clk 1:11:01]} Qe7 {[%clk 1:20:58]} 19. b3 {[%clk 1:11:02]} Nd7
{[%clk 1:16:29]} 20. Bd4 {[%clk 1:10:06]} Nc5 {[%clk 1:15:55]} 21. Bd3
{[%clk 1:07:49]} Nxd3 {[%clk 1:14:05]} 22. Qxd3 {[%clk 1:08:03]} f6
{[%clk 1:07:07]} 23. f5 {[%clk 1:07:27]} e5 {[%clk 1:06:56]} 24. Bxe5
{[%clk 1:07:39]} Rxg2 {[%clk 0:59:06]} 25. Bxf6 {[%clk 1:05:01]} Qc5
{[%clk 0:53:13]} 26. Rde1+ {[%clk 1:01:28]} Kf7 {[%clk 0:53:19]} 27. Bd4
{[%clk 1:01:02]} Qd6 {[%clk 0:50:04]} 28. f6 {[%clk 1:01:10]} 1-0

[Event "World Chess Olympiad 2018"]
[Site "Batumi"]
[Date "2018.10.04"]
[Round "10"]
[Board "2"]
[WhiteFideId "8400555"]
[White "Miller Marlon"]
[BlackFideId "10000127"]
[Black "Kawuma Patrick"]
[Result "0-1"]
[LiveChessVersion "1.4.8"]
[BlackElo "2329"]
[WhiteElo "2028"]

1. d4 {[%clk 1:30:35]} Nf6 {[%clk 1:30:52]} 2. Nf3 {[%clk 1:31:01]} g6
{[%clk 1:31:17]} 3. c4 {[%clk 1:30:21]} Bg7 {[%clk 1:31:33]} 4. g3
{[%clk 1:30:44]} O-O {[%clk 1:31:04]} 5. Bg2 {[%clk 1:31:10]} d6 {[%clk 1:30:14]}
6. O-O {[%clk 1:31:33]} c6 {[%clk 1:27:07]} 7. Nc3 {[%clk 1:31:20]} Qa5
{[%clk 1:27:30]} 8. e4 {[%clk 1:29:47]} Na6 {[%clk 1:14:28]} 9. Qe2
{[%clk 1:15:36]} e5 {[%clk 1:13:10]} 10. d5 {[%clk 1:14:42]} cxd5
{[%clk 1:13:33]} 11. cxd5 {[%clk 1:13:50]} Bd7 {[%clk 1:11:12]} 12. Nd2
{[%clk 1:10:49]} Rfc8 {[%clk 1:06:25]} 13. Nb3 {[%clk 1:09:47]} Qb4
{[%clk 1:01:15]} 14. h3 {[%clk 0:58:56]} Nc7 {[%clk 0:49:24]} 15. Be3
{[%clk 0:49:10]} a5 {[%clk 0:43:49]} 16. Rfc1 {[%clk 0:38:55]} a4
{[%clk 0:29:50]} 17. Nd2 {[%clk 0:39:13]} Nb5 {[%clk 0:29:46]} 18. Rab1
{[%clk 0:37:55]} a3 {[%clk 0:26:08]} 19. Nxb5 {[%clk 0:33:38]} Rxc1+
{[%clk 0:22:52]} 20. Rxc1 {[%clk 0:34:04]} axb2 {[%clk 0:23:02]} 21. Re1
{[%clk 0:25:12]} Bxb5 {[%clk 0:23:12]} 22. Qd1 {[%clk 0:25:34]} Bd3
{[%clk 0:17:51]} 23. Bf1 {[%clk 0:25:24]} Bxe4 {[%clk 0:16:38]} 24. Nxe4 Nxe4
{[%clk 0:16:14]} 25. Bd3 {[%clk 0:24:37]} Rxa2 {[%clk 0:12:26]} 26. Bxe4
{[%clk 0:23:52]} Qxe4 {[%clk 0:12:35]} 27. f3 {[%clk 0:20:39]} Qa4
{[%clk 0:11:01]} 28. Qd3 {[%clk 0:19:21]} Ra1 {[%clk 0:11:09]} 0-1

[Event "World Chess Olympiad 2018"]
[Site "Batumi"]
[Date "2018.10.04"]
[Round "10"]
[Board "3"]
[WhiteFideId "10001204"]
[White "Okas Walter"]
[BlackFideId "2212552"]
[Black "Huguet Sergio"]
[Result "1/2-1/2"]
[LiveChessVersion "1.4.8"]
[BlackElo "2053"]
[WhiteElo "2258"]

1. c4 {[%clk 1:30:51]} e5 {[%clk 1:30:21]} 2. Nc3 {[%clk 1:30:56]} Nc6
{[%clk 1:30:25]} 3. g3 {[%clk 1:31:01]} f5 {[%clk 1:29:47]} 4. Bg2
{[%clk 1:31:16]} Nf6 {[%clk 1:29:51]} 5. Nf3 {[%clk 1:29:50]} e4 {[%clk 1:26:35]}
6. Nh4 {[%clk 1:28:47]} d5 {[%clk 1:16:11]} 7. cxd5 {[%clk 1:29:00]} Nxd5
{[%clk 1:15:56]} 8. Nxd5 {[%clk 1:23:02]} Qxd5 {[%clk 1:16:01]} 9. d3
{[%clk 1:21:18]} Be7 {[%clk 0:53:53]} 10. dxe4 {[%clk 1:17:09]} Qxd1+
{[%clk 0:51:18]} 11. Kxd1 {[%clk 1:17:36]} Bxh4 {[%clk 0:50:46]} 12. gxh4
{[%clk 1:17:57]} O-O {[%clk 0:50:02]} 13. Be3 {[%clk 1:16:57]} f4
{[%clk 0:43:42]} 14. Bd2 {[%clk 1:13:23]} Bg4 {[%clk 0:36:08]} 15. f3
{[%clk 1:08:37]} Be6 {[%clk 0:36:16]} 16. Bc3 {[%clk 1:03:42]} Rad8+
{[%clk 0:35:41]} 17. Kc2 {[%clk 1:00:23]} Bc4 {[%clk 0:31:43]} 18. Rhe1
{[%clk 0:58:30]} Nd4+ {[%clk 0:28:37]} 19. Bxd4 {[%clk 0:58:35]} Rxd4
{[%clk 0:29:02]} 20. b3 {[%clk 0:58:57]} Ba6 {[%clk 0:27:10]} 21. Rad1
{[%clk 0:53:47]} Rxd1 {[%clk 0:26:22]} 22. Rxd1 {[%clk 0:45:12]} Bxe2
{[%clk 0:26:28]} 23. Rd7 {[%clk 0:45:30]} Rf7 {[%clk 0:26:33]} 24. Rd2
{[%clk 0:45:44]} Bb5 {[%clk 0:25:44]} 25. Bh3 {[%clk 0:45:48]} Re7
{[%clk 0:22:56]} 26. Rd8+ {[%clk 0:40:11]} Re8 {[%clk 0:21:37]} 27. Rd5
{[%clk 0:40:14]} Bc6 {[%clk 0:19:57]} 28. Rd2 {[%clk 0:33:53]} Re7
{[%clk 0:18:25]} 29. Kc3 {[%clk 0:33:37]} Kf7 {[%clk 0:17:59]} 30. a4
{[%clk 0:32:58]} Re5 {[%clk 0:16:59]} 31. Bf5 {[%clk 0:29:51]} g6
{[%clk 0:16:32]} 32. Bd7 {[%clk 0:29:52]} Ke7 {[%clk 0:13:50]} 33. Bxc6
{[%clk 0:29:53]} Rc5+ {[%clk 0:13:38]} 34. Kd3 {[%clk 0:24:39]} Rxc6
{[%clk 0:13:53]} 35. Rc2 {[%clk 0:24:48]} Rd6+ {[%clk 0:13:43]} 36. Ke2
{[%clk 0:25:06]} c6 {[%clk 0:13:09]} 37. Rd2 {[%clk 0:24:59]} Re6
{[%clk 0:13:10]} 38. Kd3 {[%clk 0:25:24]} Rd6+ {[%clk 0:06:22]} 39. Kc3
{[%clk 0:25:48]} Re6 {[%clk 0:06:47]} 40. Kc4 {[%clk 0:54:32]} h6
{[%clk 0:35:11]} 41. Rg2 {[%clk 0:54:42]} Kf6 {[%clk 0:34:18]} 42. Rg4
{[%clk 0:54:18]} Ke5 {[%clk 0:32:17]} 43. a5 {[%clk 0:52:12]} Rd6
{[%clk 0:28:40]} 44. b4 {[%clk 0:51:39]} b6 {[%clk 0:24:06]} 45. axb6
{[%clk 0:43:16]} axb6 {[%clk 0:24:30]} 46. h3 {[%clk 0:41:05]} Rd4+
{[%clk 0:23:49]} 47. Kc3 {[%clk 0:41:27]} Rd6 {[%clk 0:24:06]} 48. Rg2
{[%clk 0:40:56]} Rd1 {[%clk 0:19:50]} 49. Rxg6 {[%clk 0:40:15]} Rf1
{[%clk 0:20:12]} 50. Rxh6 {[%clk 0:39:59]} Rxf3+ {[%clk 0:20:33]} 51. Kd2
{[%clk 0:38:47]} Rxh3 {[%clk 0:20:13]} 52. Rxc6 {[%clk 0:39:07]} 1/2-1/2

[Event "World Chess Olympiad 2018"]
[Site "Batumi"]
[Date "2018.10.04"]
[Round "10"]
[Board "4"]
[WhiteFideId "8400342"]
[White "Medina Viana Ricardo"]
[BlackFideId "10000569"]
[Black "Nsubuga Haruna"]
[Result "0-1"]
[LiveChessVersion "1.4.8"]
[BlackElo "2222"]
[WhiteElo "2048"]

1. e4 {[%clk 1:30:56]} c5 {[%clk 1:31:13]} 2. Nf3 {[%clk 1:31:22]} Nc6
{[%clk 1:31:38]} 3. d4 {[%clk 1:30:34]} cxd4 {[%clk 1:32:01]} 4. Nxd4
{[%clk 1:30:58]} e5 {[%clk 1:32:21]} 5. Nxc6 {[%clk 1:31:09]} bxc6
{[%clk 1:32:45]} 6. Bd3 {[%clk 1:31:09]} Nf6 {[%clk 1:33:02]} 7. O-O
{[%clk 1:31:26]} Bc5 {[%clk 1:33:10]} 8. Nc3 {[%clk 1:29:12]} Rb8
{[%clk 1:33:10]} 9. Na4 {[%clk 1:28:28]} Be7 {[%clk 1:33:30]} 10. Be3
{[%clk 1:28:35]} Qa5 {[%clk 1:33:10]} 11. c3 {[%clk 1:27:13]} d5 {[%clk 1:32:50]}
12. b4 {[%clk 1:25:51]} Qc7 {[%clk 1:33:12]} 13. Nc5 {[%clk 1:25:25]} O-O
{[%clk 1:33:04]} 14. a3 {[%clk 1:25:26]} Rd8 {[%clk 1:33:03]} 15. Qc1
{[%clk 1:22:25]} Bxc5 {[%clk 1:33:03]} 16. Bxc5 {[%clk 1:22:47]} dxe4
{[%clk 1:33:24]} 17. Bc2 {[%clk 1:22:18]} Ba6 {[%clk 1:33:35]} 18. Re1
{[%clk 1:22:28]} Bd3 {[%clk 1:33:52]} 19. h3 {[%clk 1:22:29]} Nd5
{[%clk 1:33:33]} 20. g3 {[%clk 1:15:56]} Nxc3 {[%clk 1:29:56]} 21. Bxd3
{[%clk 1:04:42]} Rxd3 {[%clk 1:29:35]} 22. a4 {[%clk 1:04:42]} Rbd8
{[%clk 1:29:20]} 23. Qc2 {[%clk 1:04:45]} a6 {[%clk 1:28:32]} 24. Kg2
{[%clk 1:05:11]} h5 {[%clk 1:28:28]} 25. h4 {[%clk 1:05:11]} Qd7 {[%clk 1:28:22]}
26. Ra3 {[%clk 0:55:49]} Qf5 {[%clk 1:28:37]} 27. Raa1 {[%clk 0:37:22]} g5
{[%clk 1:23:24]} 28. hxg5 {[%clk 0:30:27]} h4 {[%clk 1:23:45]} 29. Be3
{[%clk 0:30:52]} Qf3+ {[%clk 1:22:42]} 30. Kh3 {[%clk 0:27:38]} Kg7
{[%clk 1:22:37]} 31. g6 {[%clk 0:17:38]} Rh8 {[%clk 1:21:55]} 0-1

[Event "World Chess Olympiad 2018"]
[Site "Batumi"]
[Date "2018.10.04"]
[Round "10"]
[Board "1"]
[WhiteFideId "22000046"]
[White "Al Mashikhi Salim Aliyan"]
[BlackFideId "6200176"]
[Black "Teerapabpaisit Wisuwat"]
[Result "1/2-1/2"]
[LiveChessVersion "1.4.8"]
[BlackElo "2154"]
[WhiteElo "2095"]

1. c4 {[%clk 1:30:49]} Nf6 {[%clk 1:30:57]} 2. Nf3 {[%clk 1:30:25]} g6
{[%clk 1:31:20]} 3. g3 {[%clk 1:30:47]} Bg7 {[%clk 1:31:46]} 4. Bg2
{[%clk 1:31:10]} O-O {[%clk 1:32:06]} 5. O-O {[%clk 1:31:36]} d6 {[%clk 1:32:33]}
6. Nc3 {[%clk 1:31:58]} c6 {[%clk 1:33:01]} 7. d3 {[%clk 1:32:13]} Re8
{[%clk 1:32:38]} 8. Rb1 {[%clk 1:32:33]} e5 {[%clk 1:32:19]} 9. Bg5
{[%clk 1:31:00]} h6 {[%clk 1:32:04]} 10. Bxf6 {[%clk 1:31:23]} Qxf6
{[%clk 1:32:00]} 11. Nd2 {[%clk 1:31:38]} Qd8 {[%clk 1:27:37]} 12. b4
{[%clk 1:31:51]} Be6 {[%clk 1:26:52]} 13. b5 {[%clk 1:31:37]} d5 {[%clk 1:25:57]}
14. bxc6 {[%clk 1:29:52]} bxc6 {[%clk 1:26:17]} 15. cxd5 {[%clk 1:30:04]} cxd5
{[%clk 1:26:36]} 16. Qa4 {[%clk 1:29:33]} e4 {[%clk 1:19:21]} 17. Rfc1
{[%clk 1:22:05]} f5 {[%clk 1:17:27]} 18. Rb7 {[%clk 1:15:50]} Re7
{[%clk 1:17:12]} 19. Rxe7 {[%clk 1:09:32]} Qxe7 {[%clk 1:17:40]} 20. Qb5
{[%clk 1:09:35]} Qd7 {[%clk 1:13:08]} 21. dxe4 {[%clk 0:57:22]} Bxc3
{[%clk 1:09:49]} 22. Qxd7 {[%clk 0:57:39]} Nxd7 {[%clk 1:09:49]} 23. Rxc3
{[%clk 0:58:07]} dxe4 {[%clk 1:09:36]} 24. Rc6 {[%clk 0:53:56]} Bxa2
{[%clk 1:08:26]} 25. Rxg6+ {[%clk 0:54:12]} Kf7 {[%clk 1:08:31]} 26. Rxh6
{[%clk 0:54:10]} Nf6 {[%clk 1:08:46]} 27. f3 {[%clk 0:52:51]} Bd5
{[%clk 1:05:52]} 28. fxe4 {[%clk 0:52:15]} fxe4 {[%clk 1:05:59]} 29. Rh4
{[%clk 0:51:08]} Re8 {[%clk 1:03:51]} 30. Rf4 {[%clk 0:51:01]} Kg6
{[%clk 1:03:07]} 31. g4 {[%clk 0:50:48]} a5 {[%clk 0:54:48]} 32. h4
{[%clk 0:50:58]} a4 {[%clk 0:54:55]} 33. g5 {[%clk 0:50:17]} Nh5 {[%clk 0:55:14]}
34. Bxe4+ {[%clk 0:47:05]} Kg7 {[%clk 0:54:10]} 35. Rg4 {[%clk 0:46:14]} Be6
{[%clk 0:54:21]} 36. Rg2 {[%clk 0:41:51]} a3 {[%clk 0:53:46]} 37. Kf2
{[%clk 0:41:25]} Nf4 {[%clk 0:39:15]} 38. Rg3 {[%clk 0:41:38]} a2
{[%clk 0:32:15]} 39. Ra3 {[%clk 0:41:51]} Rc8 {[%clk 0:31:29]} 40. Ra7+
{[%clk 1:09:24]} Kf8 {[%clk 1:01:43]} 41. Kf3 {[%clk 1:05:25]} Nh5
{[%clk 0:58:14]} 42. Bf5 {[%clk 0:58:32]} Bxf5 {[%clk 0:55:06]} 43. Rxa2
{[%clk 0:58:52]} Rc1 {[%clk 0:50:31]} 44. Ra5 {[%clk 0:57:29]} Bg6
{[%clk 0:50:43]} 45. Ra8+ {[%clk 0:56:15]} Kg7 {[%clk 0:50:18]} 46. Ra7+
{[%clk 0:56:24]} Kf8 {[%clk 0:50:31]} 47. Ra8+ {[%clk 0:51:53]} Kg7
{[%clk 0:50:52]} 48. Kf2 {[%clk 0:49:28]} Nf4 {[%clk 0:47:26]} 49. Ra7+
{[%clk 0:48:38]} Kf8 {[%clk 0:47:33]} 50. Ra4 {[%clk 0:48:43]} Nh5
{[%clk 0:46:11]} 51. Nf3 {[%clk 0:49:07]} Rc5 {[%clk 0:45:36]} 52. Ra8+
{[%clk 0:48:03]} Kf7 {[%clk 0:45:41]} 53. Nd4 {[%clk 0:47:22]} Re5
{[%clk 0:45:38]} 54. Nf3 {[%clk 0:44:58]} Re4 {[%clk 0:44:33]} 55. Ra7+
{[%clk 0:45:02]} Kf8 {[%clk 0:44:54]} 56. Ra8+ {[%clk 0:44:23]} Kg7
{[%clk 0:45:05]} 57. e3 {[%clk 0:42:59]} Kh7 {[%clk 0:44:03]} 58. Ra7+
{[%clk 0:39:20]} Kg8 {[%clk 0:44:16]} 59. Ra5 {[%clk 0:37:09]} Rb4
{[%clk 0:43:39]} 60. Ra8+ {[%clk 0:32:44]} Kg7 {[%clk 0:41:46]} 61. Ne5
{[%clk 0:32:17]} Be4 {[%clk 0:41:39]} 62. Ra7+ {[%clk 0:31:52]} Kg8
{[%clk 0:40:39]} 63. Ra2 {[%clk 0:30:18]} Bf5 {[%clk 0:37:35]} 64. Ra8+
{[%clk 0:27:49]} Kg7 {[%clk 0:37:54]} 65. Ra7+ {[%clk 0:28:17]} Kg8
{[%clk 0:37:58]} 66. Nc6 {[%clk 0:27:21]} Rb5 {[%clk 0:33:41]} 67. Ne7+
{[%clk 0:26:48]} Kf8 {[%clk 0:33:46]} 68. Nxf5 {[%clk 0:26:23]} Rxf5+
{[%clk 0:34:13]} 69. Kg2 {[%clk 0:26:50]} Ng7 {[%clk 0:32:08]} 70. Kg3
{[%clk 0:26:55]} Rf1 {[%clk 0:32:20]} 71. e4 {[%clk 0:26:17]} Rg1+
{[%clk 0:31:16]} 72. Kf4 {[%clk 0:26:14]} Rh1 {[%clk 0:31:05]} 73. Kg3
{[%clk 0:25:03]} Rg1+ {[%clk 0:31:03]} 1/2-1/2